La palabra : de la crisis a la esperanza /

Bibliographic Details
Main Author: Luna Tobar, Alberto (Author)
Format: Electronic eBook
Language:Spanish
Published: Cuenca, Ecuador : Universidad del Azuay, Casa Editora, [2020]
Series:Homo (Universidad del Azuay, Casa Editora)
Subjects:
Online Access:Digitalia Hispánica

MARC

LEADER 00000nam a2200000 i 4500
001 DIGUAZUAY0114
003 NyNyDIG
007 cr |||||||||||
008 260116s2020 ec o 000 0 spa d
006 m o d
035 |a (OCoLC)1438851491 
040 |a DGITA  |b eng  |e rda  |e pn  |c DGITA 
020 |a 9789942822901  |q eBook 
020 |z 9789942822864 
043 |a s-ec--- 
050 1 4 |a BT83.57 ebook 
100 1 |a Luna Tobar, Alberto,  |e author. 
245 1 3 |a La palabra :  |b de la crisis a la esperanza /  |c de Luis Alberto Luna Tobar. 
264 1 |a Cuenca, Ecuador :  |b Universidad del Azuay, Casa Editora,  |c [2020] 
300 |a 1 online resource. 
336 |a text  |b txt  |2 rdacontent 
337 |a computer  |b c  |2 rdamedia 
338 |a online resource  |b cr  |2 rdacarrier 
347 |a text file  |2 rdaft 
347 |b PDF 
490 1 |a Homo 
588 0 |a Online resource; title from PDF title page (Digitalia, viewed January 16, 2026) 
600 1 0 |a Luna Tobar, Alberto  |x Religion. 
610 2 0 |a Catholic Church  |z Ecuador. 
650 0 |a Liberation theology. 
791 2 |a Digitalia (Firm),  |e distributor. 
793 0 |g Digitalia eBook Collection:  |a Universidad del Azuay 
776 0 8 |i Print version:  |a Luna Tobar, Alberto.  |t Palabra.  |d Cuenca, Ecuador : Universidad del Azuay, Casa Editora, [2020]  |z 9789942822864 
830 0 |a Homo (Universidad del Azuay, Casa Editora) 
856 4 0 |3 Digitalia Hispánica  |u https://www.digitaliapublishing.com/a/133498/ 
910 |a Premium collection: 2026